Antología poética

محفوظ في:
التفاصيل البيبلوغرافية
المؤلف الرئيسي: Darío, Ruben
التنسيق: كتاب
اللغة:Undetermined
منشور في: Santiago, Chile Zig-Zag 1946
الموضوعات:
الوسوم: إضافة وسم
لا توجد وسوم, كن أول من يضع وسما على هذه التسجيلة!

MARC

LEADER 00000nam a2200000Ia 4500
008 170316s9999 xx 000 0 und d
040 |a cru BVZT 
090 |a 860 D-3an 
100 |a Darío, Ruben 
245 |a Antología poética 
260 |a Santiago, Chile 
260 |b Zig-Zag 
260 |c 1946 
300 |a 139 páginas 
650 |a LITERATURA LATINOAMERICANA 
650 |a POESÍAS 
999 |c 8606  |d 8606 
942 |c 15 D  |h 860 D-3an  |2 z